Movies Quiz

Random Movies or Star Wars Quiz

Star Wars Stuff Quiz Stats

 Plays Quiz Updated Mar 19, 2020

Support Sporcle.
Go Orange.
Score 0/20 Timer 05:00
14 Plays Today
% Correct
Death Star
97.3%
Imperial Stormtrooper
93.4%
Lightsaber
93.1%
Ewok
91.6%
X-Wing Starfighter
86.8%
Millennium Falcon
86.4%
Gungan
86.3%
Wookiee
84.5%
All Terrain Armored Transport
76%
TIE Fighter
75.6%
% Correct
Cloud City
73.4%
Tusken Raider
72.8%
Star Destroyer
71.7%
Jawa
69.4%
Landspeeder
63.5%
Battle Droid
56.2%
Tauntaun
53.5%
Rancor
51.2%
Droideka
47%
Ion Cannon
34.2%

You're not logged in!

Compare scores with friends on all Sporcle quizzes.
OR
Log In
Forgot?

From the Vault

Most Common Latin Words

by AdamBishop

Language 10m
For a dead language, Latin certainly sticks around.
Remove Ads.
Support Sporcle.
Get the best of Sporcle when you Go Orange. This ad-free experience offers more features, more stats, and more fun while also helping to support Sporcle. Thank you for becoming a member.

Show Comments

Extras

Top Quizzes Today


Score Distribution

Your Account Isn't Verified!

In order to create a playlist on Sporcle, you need to verify the email address you used during registration. Go to your Sporcle Settings to finish the process.

Report this User

Report this user for behavior that violates our Community Guidelines.

Details: